LEADER 00911cam2 22002531 450 001 SOBE00034149 005 20130612091250.0 100 $a20130612d1939 |||||ita|0103 ba 101 $aita 102 $aIT 200 0 $a1$fErnesto Kantorowicz 210 $aMilano$cGarzanti$d1939 215 $a279 p.$cill.$d20 cm 461 1$1001SOBE00034148$12001 $aFederico secondo di Svevia / Ernesto Kantorowicz 700 1$aKantorowicz$b, Ernst H.$3A600200026096$4070$0449183 801 0$aIT$bUNISOB$c20130612$gRICA 850 $aUNISOB 852 $aUNISOB$j1|B$m10861|ort 912 $aSOBE00034149 940 $aM 102 Monografia moderna SBN 941 $aW 957 $xFondo|Ortolani$a1|B$b41.$fmodalità di consultazione sulla home page della Biblioteca link Fondi$gNO$d10861|ort$hOrtolaniS$rdono$1calvano123$2UNISOB$3UNISOB$420130620074645.0$520130620074756.0$6calvano123 996 $a1$91714750 997 $aUNISOB LEADER 01017cam2 22002771 450 001 SOBE00019880 005 20111122100037.0 100 $a20111122d1823 |||||ita|0103 ba 101 $alat 102 $aIT 200 0 $a4 210 $aAugustae Taurinorum$cex typis viduae Pomba et filiorum$d1823 215 $a690 p.$d25 cm 225 2 $aCollectio latinorum scriptorum cum notis 410 1$1001SOBE00019441$12001 $a*Collectio latinorum scriptorum cum notis 461 1$1001SOBE00019866$12001 $a<>Comoediae quae exstant / ex recensione F.H. Bothe 700 1$aPlautus$b, Titus Maccius$3A600200032000$4070$0166580 801 0$aIT$bUNISOB$c20111122$gRICA 850 $aUNISOB 852 $aUNISOB$j090|Coll|1|K$m2783 912 $aSOBE00019880 940 $aM 103 Monografia antica SBN 941 $aW 957 $a090|Coll|1|K$b000021$i-4$fConsultabile previa autorizzazione$gNO$d2783$1bethb$2UNISOB$3UNISOB$420111122100045.0$520120405100153.0$6bethb 996 $a4$91720299 997 $aUNISOB